The archaeology of nucleation in the Old World : spatiality, community, and identity /
Fourteen papers take advantage of advances in archaeological methods and theory to explore the role of the built environment in expressing and shaping community organization and identity at prehistoric and historic nucleated settlements and early cities in the Old World.
مؤلفون آخرون: ,
التنسيق: كتاب الكتروني
اللغة: English
منشور في:
Oxford :
Archaeopress Archaeology,
2022.
الموضوعات:
الوصول للمادة أونلاين: Login to view Source
الوسوم: إضافة وسم
رقم الطلب: HT114
| LEADER | 01871nam a2200409 i 4500 | ||
|---|---|---|---|
| 001 | EDZ0002826388 | ||
| 003 | StDuBDS | ||
| 005 | 20230412183311.0 | ||
| 006 | m|||||o||d|||||||| | ||
| 007 | cr ||||||||||| | ||
| 008 | 220523s2022 enka fob 001|0|eng|d | ||
| 020 | |a 9781803270913 (PDF ebook) : |c No price | ||
| 040 | |a StDuBDS |b eng |c StDuBDS |e rda |e pn | ||
| 050 | 4 | |a HT114 | |
| 082 | 0 | 4 | |a 307.76093 |2 23 |
| 245 | 0 | 4 | |a The archaeology of nucleation in the Old World : |b spatiality, community, and identity / |c edited by Attila Gyucha and Roderick B. Salisbury. |
| 264 | 1 | |a Oxford : |b Archaeopress Archaeology, |c 2022. | |
| 300 | |a 1 online resource (226 pages) : |b illustrations (colour) | ||
| 336 | |a text |2 rdacontent | ||
| 336 | |a still image |2 rdacontent | ||
| 337 | |a computer |2 rdamedia | ||
| 338 | |a online resource |2 rdacarrier | ||
| 500 | |a Also issued in print: 2022. | ||
| 504 | |a Includes bibliographical references and index. | ||
| 520 | 8 | |a Fourteen papers take advantage of advances in archaeological methods and theory to explore the role of the built environment in expressing and shaping community organization and identity at prehistoric and historic nucleated settlements and early cities in the Old World. | |
| 521 | |a Specialized. | ||
| 588 | |a Description based on online resource; title from PDF title page (viewed on July 4, 2022). | ||
| 650 | 0 | |a Urbanization |x History |y To 1500. | |
| 650 | 0 | |a Cities and towns, Ancient. | |
| 650 | 0 | |a Excavations (Archaeology) | |
| 700 | 1 | |a Gyucha, Attila, |e editor. | |
| 700 | 1 | |a Salisbury, Roderick B., |e editor. | |
| 776 | 0 | 8 | |i Print version : |z 9781803270906 |
| 856 | 4 | 0 | |3 Archaeopress |u http://library.arce.org:8087/Archaeopress/Products/9781803270906 |
| 942 | |2 lcc |c EBOOK | ||
| 952 | |0 0 |1 0 |4 0 |6 HT0114 |7 1 |9 46934 |a ARCH |b ARCH |d 2023-04-12 |l 0 |o HT114 |r 2023-04-12 00:00:00 |w 2023-04-12 |y EBOOK | ||
| 999 | |c 52592 |d 52592 | ||
